000
00247nam a2200097Ia 4500
001
1075661
005
20250827002242.0
008
250824s9999 xx 000 0 und d
245
0
_a
KEYFEKADER KAHVESİ
_c
AYKUT ERTUĞRUL
260
_b
KETEBE YAYINLARI
999
_c
1075661
_d
1075661